La propiedad intelectual en la era de la IA /
Guardado en:
| Autor Principal: | |
|---|---|
| Formato: | Libro |
| Idioma: | Undetermined |
| Publicado: |
Ciudad Autónoma de Buenos Aires :
Hammurabi,
2025.
|
| Edición: | 1a. ed. |
| Series: | Colección IA ;
4 |
| Materias: | |
| Etiquetas: |
Agregar Etiqueta
Sin Etiquetas, Sea el primero en etiquetar este registro!
|
| LEADER | 01006nam a22001935a 4500 | ||
|---|---|---|---|
| 001 | DER.der015599 | ||
| 008 | 251212s2025####xx############000#0#und#d | ||
| 005 | 20251212131455.0 | ||
| 245 | 1 | 0 | |a La propiedad intelectual en la era de la IA / |c Carlos Christian Sueiro. |
| 250 | |a 1a. ed. | ||
| 260 | |a Ciudad Autónoma de Buenos Aires : |b Hammurabi, |c 2025. | ||
| 300 | |a 154 p. | ||
| 490 | 1 | |a Colección IA ; |v 4 | |
| 500 | |a Normativa nacional de la propiedad intelectual. La propiedad intelectual de bienes intangibles (NFT). El impacto ambiental de los bienes intangibles (NFT). La propiedad intelectual sobre bienes diseñados mediante inteligencia artificial (IA). Los derechos de autor sobre las publicaciones en línea ("on line"). La propiedad intelectual sobre el pensamiento captado mediante dispositivos neurotecnológicos. | ||
| 020 | |a 9789878059860 | ||
| 100 | 1 | |a Sueiro, Carlos Christian. | |
| 650 | 7 | |a INTELIGENCIA ARTIFICIAL | |
| 650 | 7 | |a PROPIEDAD INTELECTUAL | |
| 859 | |a DERECHO |b BIB. DERECHO |h 347 |i SUE |p 0010754 | ||
